Регионална библиотека "Любен Каравелов" - Русе

"Тихата лирика" в българската литература (Запис номер 176850)

MARC детайли
000 -Лидер
Контролно поле с фиксирана дължина 02463nam a2200433 c 4500
003 - Код на организацията, давaща контролен номер
Контролно поле BLK
005 - Дата и час на последна редакция
Контролно поле 20241216112108.0
008 - Елементи от данни с фиксирана дължина
fixed length control field 180411b bul|||||r ||||||| ||bul||
010 ## - Наследен системен номер
LC control number KNG00185480000
020 ## - Международен стандартен номер на книга ISBN
Международен стандартен номер на книга ISBN 978-954-533-147-3
-- издат.: Кралица МАБ
040 ## - Източник на каталожния запис
Идентификатор на билиотеката - собственик на записа BLK
041 ## - Код за език
Код за езика на текст/звукозапис или на отделно заглавие Български
Код за езика КДБФ Български
072 #7 - Код за тематичната категория
Код организация bullib
Код за тематична категория Н82
Текст Литературознание Н
080 ## - УДК
Текстов определител УДК Българска литература
УДК код - определител по УДК 821.163.2
УДК определител -1.09(062.2)
УДК - код + определител 821.163.2-1.09(062.2)
139 ## - Редно поле
Редна дума "Тихата лирика" в българската литература
Авторски знак Тих - Т 60
245 10 - Сведения за заглавието
Заглавие "Тихата лирика" в българската литература
Подзаглавни данни Текстове от научн. конф. "Тихата лирика в бълг. лит.: от дискриминацията до канонизацията, 24 и 25 апр. 2015 г., В. Търново
Редно поле (дума) състав. Пламен Иванов Дойнов; състав. Иван Герасимов Станков.
257 ## - Страна на издаване
Страна на създаване/издаване България
260 ## - Област на издателските данни
-- В. Търново
Име на издателя, разпространителя и проч. Кралица МАБ
Година на издаване 2015
Печатница София : Планета 3
300 ## - Физическа характеристика
Страници 388 с.
Размери/Мащаб 20 см
380 ## - Жанр
Жанр Литературознание
490 1# - СЕРИИ (Колекции)
Име на серия Поредица Литературата на НРБ : история и теория
№: серия Кн. 12
500 ## - Общи забележки
Забележка Изд. на НБУ. Департамент Нова българистика, Унив. Св. св. Кирил и Методий. Кат. Бълг. лит. - В. Търново. - Библиогр. след отд. статии.
650 #4 - Допълнително описание по предмет – тема
Основно описание – тема или топоним Поезия, българска - история и критика
9 (RLIN) 243651
651 #4 - Допълнително описание по предмет - топоним
Географско понятие България
9 (RLIN) 241624
653 ## - Ключова дума – ненормативна
Ключова дума българска поезия
653 ## - Ключова дума – ненормативна
Ключова дума литературна критика
653 ## - Ключова дума – ненормативна
Ключова дума литературни анализи
653 ## - Ключова дума – ненормативна
Ключова дума конференции
659 ## - Тематичен бюлетин
Тематичен бюлетин Н
700 ## - Други автори (авторска отговорност)
Лично име Дойнов, Пламен Иванов
9 (RLIN) 369012
700 1# - Други автори (авторска отговорност)
Лично име Станков, Иван Герасимов
Автороска отговорност (Описва отношението между автора и произведението) състав.
9 (RLIN) 364794
710 1# - Име на организация или юридическо лице като допълнителен термин за търсене
Наименование на организация или юридическо лице като редна дума Научна конф. "Тихата" лирика в българската литература : от дискриминацията до канонизацията. В. Търново
9 (RLIN) 340795
852 ## - Местоположение
Форматна сигнатура Цб 278582
856 4# - Електронен адрес и достъп
Електронен формат pdf - файл
Път до файла /url/
856 4# - Електронен адрес и достъп
Електронен формат pdf - файл
Път до файла /url/
942 ## - АРТИКУЛИ
Вид на библиотечния материал Книги
Скрит в OPAC Не
Koha issues (borrowed), all copies 1
944 ## - СЪЗДАВАНЕ И РЕДАКЦИЯ на ЗАПИСА
Създаване/Редакция Създаване
Дата на регистрацията/редакция 12.12.2015
Статус, дата на статуса Кети Илиева
Служител, извършил регистрацията/редакцията 30550
944 ## - СЪЗДАВАНЕ И РЕДАКЦИЯ на ЗАПИСА
Създаване/Редакция Редакция
Дата на регистрацията/редакция 25.03.2016
Статус, дата на статуса ф /
Служител, извършил регистрацията/редакцията Людмила_Стоянова
999 ## - СИСТЕМНИ КОНТРОЛНИ НОМЕРА
Koha biblionumber 176850
Koha biblioitemnumber 176850
Наличности
Код за отписване Код за изгубен артикул Източник на класификационната схема Код за повреда Коз за рестрикции Код за отдаване Артикулен № Име на библиотеката - собственик Име на библиотеката, в която се намира в момента Статус (Текущо местоположение) Дата на вписване в системата Местоположение - отдел Цена в лева Инвентарен номер Систематично азбучна сигнатура Баркод Номер на екземпляра Цена в евро Служебна бележка Служебен тип на артикула
  Не е изгубен Universal Decimal Classification Не е повреден без рестрикции заемане за дома 304115 Регионална библиотека "Любен Каравелов" Русе Регионална библиотека "Любен Каравелов" Русе Заемна - подръчен фонд 2015-12-17 Заемна - подръчен фонд 14.00 120000795778 821.163.2.09/Т 60 120000795778 1 7.16 Дост: Pk Вид: Ф N: 447 Дата: 14.12.2015 Дата инв: 07.02.2018 Бележки инв: П2018 Книги
Vip Innovations Ltd, Rousse, Bulgaria 2025